Hodnotenie krajinnej štruktúry a ekologickej významnosti ekotonov lesnej vegetácie v Starohorských vrchoch

Podrobná bibliografia
Hlavní autori: Gajdoš, Alfonz (Author), Klaučo, Michal (Author), Škodová, Martina (Author)
Médium: Článok
Jazyk:Slovak
Témy:
Zdroj: 1. Geografický časopis 1. Roč. 64, č. 3 (2012), s. 253-266 1. 0016-7193
LEADER 01292nab#a2200433#ar4500
001 000110121
003 SVKKK
005 20130325111959.0
008 130325c2012 xo |||||||||||||||b|slo
FMT
015 |a SNBRB2013/03 
038 |a SVKKK 
040 |a SVKKK  |b slo  |e AACR2 
041 0 |a slo  |b eng 
044 |a xo  |c SK 
080 |a 504.54  |2 1997 
100 1 |a Gajdoš, Alfonz  |4 aut 
245 1 0 |a Hodnotenie krajinnej štruktúry a ekologickej významnosti ekotonov lesnej vegetácie v Starohorských vrchoch  |c Alfonz Gajdoš, Michal Klaučo, Martina Škodová 
246 3 1 |a Ecological significance of the forest ecotone vegetation in the Starohorské Hills 
300 |b Obr., tab. 
504 |a Bibliogr. odkazy 
546 |a Res. angl. 
650 0 4 |a ekológia 
650 0 4 |a krajinná štruktúra 
650 0 4 |a ekotony 
650 0 4 |a lesná vegetácia 
651 4 |a Starohorské vrchy (Slovensko) 
700 1 |a Klaučo, Michal  |4 aut 
700 1 |a Škodová, Martina  |4 aut 
773 0 |t Geografický časopis  |g Roč. 64, č. 3 (2012), s. 253-266  |x 0016-7193 
958 |a SK 
958 |a NB 
974 |a Va 
992 |a RBX 
BAS
852 |a SVKKK  |b BIB 
856 4 1 |a http://www.sav.sk/journals/uploads/12121244Gajdos%20et%20al.pdf 
EXP
998 |a GEO